| 000 | 01382cam a2200409 i 4500 | ||
|---|---|---|---|
| 001 | 8194 | ||
| 003 | FISKH | ||
| 005 | 20250901155850.0 | ||
| 008 | 130814s2013 nyua c 000 1 eng | ||
| 010 | _a 2013032166 | ||
| 020 |
_a9780062110800 _qtrade bdg. |
||
| 020 |
_a9780062304506 _qinternational edition |
||
| 020 |
_a9780062295934 _qScholastic edition |
||
| 035 | _a17851736 | ||
| 040 |
_aDLC _beng _cDLC _erda _dDLC |
||
| 050 | 0 | 0 |
_aPZ7.W3298 _bSv 2013 |
| 082 | _a813.6 | ||
| 100 | 1 |
_aWatson, Tom, _d1962- |
|
| 245 | 1 | 0 |
_aStick Dog wants a hot dog / _cby Tom Watson ; Illustrations by Ethan Long based on original sketches by Tom Watson. |
| 260 |
_aNew York : _bHarper Collins, _c2013 |
||
| 300 |
_a220 pages : _billustrations ; _c21 cm |
||
| 336 |
_atext _2rdacontent |
||
| 337 |
_aunmediated _2rdamedia |
||
| 338 |
_avolume _2rdacarrier |
||
| 505 | _aP | ||
| 520 |
_a"Stick Dog and his friends must execute a master plan for stealing hot dogs"-- _cProvided by publisher. |
||
| 521 |
_a630
_bLexile |
||
| 521 |
_aP
_bRaz-Plus |
||
| 650 | 1 |
_aDogs _vFiction. |
|
| 650 | 1 |
_aFrankfurters _vFiction. |
|
| 650 | 1 | _aHumorous stories. | |
| 655 | 7 |
_aFiction. _2lcgft _0https://id.loc.gov/authorities/genreForms/gf2014026339 |
|
| 700 | 1 |
_aLong, Ethan, _eillustrator. |
|
| 906 |
_a7 _bcbc _corignew _d1 _eecip _f20 _gy-gencatlg |
||
| 942 |
_2ddc _cBK _n0 |
||
| 999 |
_c8194 _d8194 |
||